Malaysian journal of science = (Record no. 1771)

MARC details
000 -LEADER
fixed length control field 03689cas a2200877 a 4500
001 - CONTROL NUMBER
control field data
008 - FIXED-LENGTH DATA ELEMENTS--GENERAL INFORMATION
fixed length control field data
005 - DATE AND TIME OF LATEST TRANSACTION
control field 20260322212117.0
010 ## - LIBRARY OF CONGRESS CONTROL NUMBER
LC control number 73641724
015 ## - NATIONAL BIBLIOGRAPHY NUMBER
National bibliography number 01104151X
Source dnb
016 7# - NATIONAL BIBLIOGRAPHIC AGENCY CONTROL NUMBER
Record control number 01104151X
Source DE-101
016 7# - NATIONAL BIBLIOGRAPHIC AGENCY CONTROL NUMBER
Record control number 188970-9
Source DE-600
016 7# - NATIONAL BIBLIOGRAPHIC AGENCY CONTROL NUMBER
Record control number 0373663
Source DNLM
016 7# - NATIONAL BIBLIOGRAPHIC AGENCY CONTROL NUMBER
Record control number M03020000
Canceled/invalid control number J07320000
Source DNLM
016 7# - NATIONAL BIBLIOGRAPHIC AGENCY CONTROL NUMBER
Record control number 009549087
Source Uk
022 ## - INTERNATIONAL STANDARD SERIAL NUMBER
International Standard Serial Number 0126-7906
Canceled ISSN 0301-0554
Source z
023 0# - CLUSTER ISSN
Cluster ISSN 0126-7906
Source z
029 1# - OTHER SYSTEM CONTROL NUMBER (OCLC)
OCLC library identifier AU@
System control number 000000969302
029 1# - OTHER SYSTEM CONTROL NUMBER (OCLC)
OCLC library identifier NLGGC
System control number 862265576
029 1# - OTHER SYSTEM CONTROL NUMBER (OCLC)
OCLC library identifier NLM
System control number 0373663
029 1# - OTHER SYSTEM CONTROL NUMBER (OCLC)
OCLC library identifier NZ1
System control number 3812633
030 ## - CODEN DESIGNATION
CODEN MLJSA4
035 ## - SYSTEM CONTROL NUMBER
System control number (OCoLC)1785419
040 ## - CATALOGING SOURCE
Original cataloging agency DLC
Language of cataloging eng
Transcribing agency DLC
Modifying agency OCLCQ
-- SER
-- RCS
-- NSD
-- AIP
-- DLC
-- NSD
-- CRL
-- DLC
-- NLM
-- OCLCQ
-- GBVCP
-- UKMGB
-- OCLCO
-- WAU
-- OCLCF
-- OCLCQ
-- OCLCO
-- OCLCA
-- OCLCL
-- OCLCQ
041 0# - LANGUAGE CODE
Language code of text/sound track or separate title eng
Language code of summary or abstract may
042 ## - AUTHENTICATION CODE
Authentication code nsdp
-- nsdp
043 ## - GEOGRAPHIC AREA CODE
Geographic area code a-my---
050 00 - LIBRARY OF CONGRESS CALL NUMBER
Classification number Q1
Item number .M24
060 00 - NATIONAL LIBRARY OF MEDICINE CALL NUMBER
Classification number W1
Item number MA5247K
082 04 - DEWEY DECIMAL CLASSIFICATION NUMBER
Classification number 505
Real World Object URI https://id.oclc.org/worldcat/ddc/E3rqjbqVFrrqdYQFtkxCHHwjrm
210 0# - ABBREVIATED TITLE
Abbreviated title Malays. j. sci.
222 #0 - KEY TITLE
Key title Malaysian journal of science
245 00 - TITLE STATEMENT
Title Malaysian journal of science =
Remainder of title Jernel sains Malaysia.
246 1# - VARYING FORM OF TITLE
Display text Issues for 1986-1992 have Malay title:
Title proper/short title Jurnal sains Malaysia
246 31 - VARYING FORM OF TITLE
Title proper/short title Jernel sains Malaysia
260 ## - PUBLICATION, DISTRIBUTION, ETC.
Place of publication, distribution, etc. Kuala Lumpur :
Name of publisher, distributor, etc. Faculty of Science, University of Malaya,
Date of publication, distribution, etc. 1972-1992.
300 ## - PHYSICAL DESCRIPTION
Extent 14 volumes :
Other physical details illustrations ;
Dimensions 25 cm
310 ## - CURRENT PUBLICATION FREQUENCY
Current publication frequency Irregular,
Date of current publication frequency 1975-1992
321 ## - FORMER PUBLICATION FREQUENCY
Former publication frequency Annual,
Dates of former publication frequency 1972-1973
336 ## - CONTENT TYPE
Content type term text
Content type code txt
Source rdacontent
337 ## - MEDIA TYPE
Media type term unmediated
Media type code n
Source rdamedia
338 ## - CARRIER TYPE
Carrier type term volume
Carrier type code nc
Source rdacarrier
362 0# - DATES OF PUBLICATION AND/OR SEQUENTIAL DESIGNATION
Dates of publication and/or sequential designation Vol. 1 (July 1972)-v. 14 (1992).
590 ## - LOCAL NOTE (RLIN)
Local note SERBIB/SERLOC merged record
500 ## - GENERAL NOTE
General note Title from cover.
510 2# - CITATION/REFERENCES NOTE
Name of source Chemical abstracts
International Standard Serial Number 0009-2258
515 ## - NUMBERING PECULIARITIES NOTE
Numbering peculiarities note Issues for 1976-1992 lack monthly designation.
546 ## - LANGUAGE NOTE
Language note In English; summaries also in Malay, 1982-1992.
580 ## - LINKING ENTRY COMPLEXITY NOTE
Linking entry complexity note Split into: Malaysian journal of science. Series A, Life sciences, and: Malaysian journal of science. Series B, Physical & earth sciences.
650 #0 - SUBJECT ADDED ENTRY--TOPICAL TERM
Topical term or geographic name entry element Science.
650 #0 - SUBJECT ADDED ENTRY--TOPICAL TERM
Topical term or geographic name entry element Science
Geographic subdivision Malaysia.
650 #2 - SUBJECT ADDED ENTRY--TOPICAL TERM
Topical term or geographic name entry element Science.
650 #7 - SUBJECT ADDED ENTRY--TOPICAL TERM
Topical term or geographic name entry element Science.
Source of heading or term fast
Authority record control number or standard number (OCoLC)fst01108176
651 #7 - SUBJECT ADDED ENTRY--GEOGRAPHIC NAME
Geographic name Malaysia.
Source of heading or term fast
Authority record control number or standard number (OCoLC)fst01204590
Real World Object URI https://id.oclc.org/worldcat/entity/E39PBJqfKJqbTdKPv6g8b3Hpyd
655 #2 - INDEX TERM--GENRE/FORM
Genre/form data or focus term Periodical.
710 2# - ADDED ENTRY--CORPORATE NAME
Corporate name or jurisdiction name as entry element Universiti Malaya.
Subordinate unit Fakulti Sains.
785 16 - SUCCEEDING ENTRY
Title Malaysian journal of science. Series A, Life sciences
International Standard Serial Number 1394-1712
Record control number (OCoLC)36025214
-- (OCoLC)36025214
785 16 - SUCCEEDING ENTRY
Title Malaysian journal of science. Series B, Physical & earth sciences
International Standard Serial Number 1394-3065
Record control number (OCoLC)36025326
-- (OCoLC)36025326
890 ## -
-- Malaysian journal of science. (Faculty of Science, University of Malaya) Kuala Lumpur.
-- 73-641724
906 ## - LOCAL DATA ELEMENT F, LDF (RLIN)
a 7
b cbc
c serials
d 4
e ncip
f 19
g n-oclcserc
920 ## -
-- Keep 1
991 ## -
-- c-GenColl
-- Q1
-- .M24
-- SERIALS
991 ## -
-- c-GenColl
-- Q1
-- .M24
-- 00033143011
-- Copy 1
-- 1-3 * 1972 -75
-- CCF
991 ## -
-- c-GenColl
-- Q1
-- .M24
-- 00033142778
-- Copy 1
-- 10 * 1988
-- CCF
991 ## -
-- c-GenColl
-- Q1
-- .M24
-- 00033142730
-- Copy 1
-- 11 * 1989
-- CCF
991 ## -
-- c-GenColl
-- Q1
-- .M24
-- 00033143084
-- Copy 1
-- 12 * 1990
-- CCF
991 ## -
-- c-GenColl
-- Q1
-- .M24
-- 00033143047
-- Copy 1
-- 13 * 1991
-- CCF
991 ## -
-- c-GenColl
-- Q1
-- .M24
-- 0003314300A
-- Copy 1
-- 14 * 1992
-- CCF
991 ## -
-- c-GenColl
-- Q1
-- .M24
-- 00033142973
-- Copy 1
-- 4.4 * 1976
-- CCF
991 ## -
-- c-GenColl
-- Q1
-- .M24
-- 00033142936
-- Copy 1
-- 5-6 * 1978 -80
-- CCF
991 ## -
-- c-GenColl
-- Q1
-- .M24
-- 00033142894
-- Copy 1
-- 7 * 1982
-- CCF
991 ## -
-- c-GenColl
-- Q1
-- .M24
-- 00033142857
-- Copy 1
-- 8 * 1986
-- CCF
991 ## -
-- c-GenColl
-- Q1
-- .M24
-- 0003314281A
-- Copy 1
-- 9 * 1987
-- CCF
992 ## -
-- SER
-- SERLOC
Holdings
Withdrawn status Lost status Damaged status Not for loan Home library Current library Shelving location Date acquired Total checkouts Full call number Barcode Date last seen Price effective from Koha item type
        Franklin Franklin General stacks 22/03/2026   505 LOC-FRL-00007 22/03/2026 22/03/2026 Books